[Event "Berlin-ch QT"]
[Site "Berlin"]
[Date "2013.04.05"]
[Round "7"]
[White "Galley, Jakob"]
[Black "Hintze, Peter"]
[Result "0-1"]
[WhiteElo "1739"]
[BlackElo "2049"]
[PlyCount "118"]
[EventDate "2013.03.30"]
[EventType "swiss"]
[EventRounds "9"]
[EventCountry "GER"]
[SourceTitle "EXT 2023"]
[Source "ChessBase"]
[SourceDate "2022.10.05"]
[SourceVersion "1"]
[SourceVersionDate "2022.10.05"]
[SourceQuality "1"]

1. e4 c6 2. d4 d5 3. Nc3 dxe4 4. Nxe4 Nd7 5. Nf3 Ngf6 6. Nxf6+ Nxf6 7. Bf4 Bf5 8. Bd3 e6 9. 0-0 Bg4 10. c3 Bd6 11. Bg3 0-0 12. Be2 Bxf3 13. Bxf3 Qc7 14. Bxd6 Qxd6 15. a4 Rad8 16. Qb3 Rd7 17. Rfe1 Rfd8 18. Qa3 Nd5 19. g3 Qc7 20. Rad1 h6 21. Kg2 g6 22. h4 h5 23. a5 Kg7 24. a6 b6 25. b4 Qd6 26. Rc1 Rb8 27. Rb1 b5 28. Bxd5 cxd5 29. Re3 Rb6 30. Ra1 Rc7 31. f4 Rcc6 32. Ree1 Qc7 33. Rec1 Qc8 34. Qb2 Rxa6 35. Kf3 Rxa1 36. Qxa1 Ra6 37. Qb2 Qc4 38. Ra1 Rc6 39. Ra3 Qf1+ 40. Ke3 Kf6 41. Ra1 Qh3 42. Kf3 Qf5 43. Qd2 a6 44. Ke3 Kg7 45. Kf3 Qf6 46. Ke3 Qd8 47. Kf2 Qc7 48. Ra3 f6 49. Kf3 e5 50. Kf2 exf4 51. gxf4 Qc8 52. Qe3 Re6 53. Qf3 Re4 54. Ra1 Qf5 55. Kg3 g5 56. hxg5 fxg5 57. Rxa6 h4+ 58. Kh2 g4 59. Ra7+ Kh6 0-1

[Event "Berlin-ch QT"]
[Site "Berlin"]
[Date "2013.03.30"]
[Round "1"]
[White "Galley, Jakob"]
[Black "Bubolz, Konstantin"]
[Result "1/2-1/2"]
[WhiteElo "1739"]
[BlackElo "2119"]
[PlyCount "90"]
[EventDate "2013.03.30"]
[EventType "swiss"]
[EventRounds "9"]
[EventCountry "GER"]
[SourceTitle "EXT 2023"]
[Source "ChessBase"]
[SourceDate "2022.10.05"]
[SourceVersion "1"]
[SourceVersionDate "2022.10.05"]
[SourceQuality "1"]

1. e4 e6 2. d4 d5 3. Nc3 Bb4 4. e5 c5 5. Nf3 Ne7 6. a3 Bxc3+ 7. bxc3 b6 8. Bd3 Ba6 9. 0-0 Bxd3 10. cxd3 cxd4 11. Nxd4 Nbc6 12. Nxc6 Nxc6 13. f4 0-0 14. d4 Qd7 15. Ra2 Rac8 16. g4 f5 17. a4 Ne7 18. gxf5 Nxf5 19. Ba3 Ne3 20. Qd3 Nxf1 21. Bxf8 Rxf8 22. Qxf1 Qc6 23. Qf3 Qc4 24. Ra3 g5 25. Qg4 Qd3 26. Qxe6+ Kh8 27. Qe7 Qe3+ 28. Kg2 Qe4+ 29. Kg1 Qe3+ 30. Kg2 Qe4+ 31. Kg1 Rxf4 32. Qd8+ Kg7 33. Qxg5+ Kh8 34. Qd8+ Kg7 35. Qg5+ Kf7 36. Qh5+ Kf8 37. Qh6+ Ke8 38. Qe6+ Kf8 39. Qh6+ Ke7 40. Qd6+ Kf7 41. Qd7+ Kg6 42. Qe6+ Kg7 43. Qe7+ Kh6 44. Qe6+ Kh5 45. Qe8+ Kh6 1/2-1/2

[Event "Berlin-ch 2011 U14 Vorrunde 1"]
[Site "Berlin"]
[Date "2010.09.18"]
[Round "2.1"]
[White "Galley, Jakob"]
[Black "Pixa, Richard"]
[Result "0-1"]
[WhiteElo "1292"]
[BlackElo "1730"]
[PlyCount "86"]
[EventDate "2010.09.18"]
[EventType "swiss"]
[EventRounds "7"]
[EventCountry "GER"]
[SourceTitle "EXT 2022"]
[Source "ChessBase"]
[SourceDate "2021.10.06"]
[SourceVersion "1"]
[SourceVersionDate "2021.10.06"]
[SourceQuality "1"]

1. e4 e6 2. d4 d5 3. exd5 exd5 4. c4 Nf6 5. Nc3 c6 6. Nf3 Bg4 7. Bf4 Bd6 8. Bxd6 Qxd6 9. c5 Qc7 10. h3 Bf5 11. Bd3 Bxd3 12. Qxd3 0-0 13. 0-0 Nbd7 14. Rfe1 Rfe8 15. b4 b5 16. a4 a6 17. Rxe8+ Rxe8 18. axb5 axb5 19. Ne2 Ne4 20. Nc3 Ndf6 21. Ne5 Nxc3 22. Qxc3 Ne4 23. Qd3 f6 24. Nf3 Qb7 25. Nd2 Nxd2 26. Qxd2 Kf7 27. Kf1 Qc7 28. g3 Qe7 29. Kg2 Qe6 30. Ra7+ Kf8 31. Rc7 Qe4+ 32. Kh2 Qf3 33. Qa2 h5 34. h4 Kg8 35. Qc2 f5 36. Qa2 Re2 37. Qa8+ Kh7 38. Rxg7+ Kxg7 39. Qb7+ Kf8 40. Qb8+ Kf7 41. Qa7+ Kf6 42. Qa2 Qxf2+ 43. Kh1 Re1# 0-1